000 00754nam a22002297a 4500
005 20251108172223.0
008 250721s1983 xx 000 0 ara d
082 1 4 _aم/956.05/عذا
100 1 _aالمراكشي، إبن عذارى
245 1 0 _aكتاب البيان المغرب في أخبار الأندلس و المغرب /
250 _aط3
264 1 _aبيروت :
_bدار الثقافة،
_c1983.
300 _a
490 0 _aسلسلة المكتبة الأندلسية ؛ 22 - 24
650 1 7 _aالأندلس
650 1 7 _aالتاريخ
650 1 7 _aالمغرب العربي
700 1 _aكولان، ج . س
_eتحقيق
700 1 _aبروفنسال، ليفي
_eتحقيق
942 _2ddc
_cREF
999 _c73463
_d73463